000 00746nam a2200241Ia 4500
003 OSt
005 20220926034012.0
006 a|||||r|||| 00| 0
007 ta
008 220923b |||||||| |||| 00| 0 eng d
037 _cGeneral Book
040 _aRTL
_cRTL
_beng
041 _2eng
_aeng
082 _aZ73,81,N7, L3
100 _aBickel Alexander M
_981083
245 0 _aCaseload of the Supreme Court
_b And what, if anythi
260 _aWashington
_bAEIPPR
_c1973
300 _a37p
_ccm.
490 _aAmerican Enterprise Institute for Public Policy Research, Domestic Affairs Studies
650 _aGreat Britain Law
942 _hZ73,81,N7, L3
_cGB
_2CC
999 _c658523
_d658523